El escenario geográfico : recursos naturales /

Este libro está compuesto por tres investigaciones, la primera de ella describe los suelos de la República Mexicana, la segunda menciona el tipo de vegatación y la última la ubicación de los vertebrados en México.

Guardado en:
Bibliografiske detaljer
Andre forfattere: Flores Díaz, Antonio (autor) (autor)
Format: Bog
Sprog:spansk
Udgivet: México : INAH, Departamento de Prehistoria, 1974, c1974
Serier:(México: Panorama Histórico y Cultural ; 2)
Fag:
Tags: Tilføj Tag
Ingen Tags, Vær først til at tagge denne postø!

MARC

LEADER 00000nam^a2200000^a^4500
001 000126612
005 20250521000000.0
009 20260310094733.399
037 |a Acervo ITESO - Biblioteca 
041 |a ESP 
082 |a 557. 2  |b ESC V. 2 
245 1 3 |a El escenario geográfico :  |b recursos naturales /  |c A. Flores Díaz... [et al.]. 
264 4 |a México :  |b INAH, Departamento de Prehistoria,  |c 1974, c1974 
300 |a 335 p. 
336 |a texto  |b txt  |2 rdacontenido 
337 |a sin mediación  |b n  |2 rdamedio 
338 |a volumen  |b nc  |2 rdasoporte 
440 1 |a (México: Panorama Histórico y Cultural ;  |v 2) 
520 |a Este libro está compuesto por tres investigaciones, la primera de ella describe los suelos de la República Mexicana, la segunda menciona el tipo de vegatación y la última la ubicación de los vertebrados en México. 
649 |a XX 
650 |a Suelos -  |z México 
650 |a Bosques -  |z México 
650 |a Flora -  |z México 
650 |a Vertebrados -  |z México 
650 |a Fauna -  |z México 
650 |a Recursos Naturales -  |z México 
650 |a Geografía -  |z México 
700 |a Flores Díaz, Antonio  |e (autor) 
910 |a Fondo Salvador Reynoso Reynoso 
920 |a Impresos - Libros 
930 |a Fondos Especiales 
905 |a 112 
901 |a 0800009090  |b IT2  |c ESP  |u 20250521 
902 |a https://opac.biblio.iteso.mx/vufind/Record/000126612